SOCIOLOGOS Y SOCIOLOGIA/

Salvato in:
Dettagli Bibliografici
Autore principale: Moya, Carlos (autor)
Natura: Libro
Soggetti:
Tags: Aggiungi Tag
Nessun Tag, puoi essere il primo ad aggiungerne!!

MARC

LEADER 00000nam^a2200000^a^4500
001 000222548
005 20250521000000.0
009 20260310103949.616
035 |a 041529 
037 |a Acervo Xavier Clavigero 
082 |a 301.  |b MOY 
100 |a Moya, Carlos  |e (autor) 
245 1 0 |a SOCIOLOGOS Y SOCIOLOGIA/  |c CARLOS MOYA 
264 |a MADRID :  |b SIGLO XXI,  |c 1970 
300 |a 295p. 2ej. 
336 |a texto  |b txt  |2 rdacontenido 
337 |a sin mediación  |b n  |2 rdamedio 
338 |a volumen  |b nc  |2 rdasoporte 
649 |a XX 
650 |a SOCIOLOGIA 
910 |a Fondo General 
920 |a Impresos - Libros 
930 |a Colección General 
905 |a 101 
901 |a 041529  |b IT1  |c ACC  |i 041529  |u 20250521 
901 |a 042535  |b IT1  |c ACC  |i 042535  |u 20250521 
902 |a https://opac.biblio.iteso.mx/vufind/Record/000222548